Tvorba edukačnej pomôcky pre podporu výučby predmetu Programovateľné logické automaty
Na minha lista:
| Autor principal: | |
|---|---|
| Outros Autores: | |
| Formato: | Manuscrito Livro |
| Idioma: | eslovaco |
| Publicado em: |
2020
|
| Assuntos: | |
| Acesso em linha: | http://is.stuba.sk/zp/portal_zp.pl?podrobnosti=153152 |
| Tags: |
Sem tags, seja o primeiro a adicionar uma tag!
|
MARC
| LEADER | 00000ntm a22000003a 4500 | ||
|---|---|---|---|
| 001 | stuzp71991 | ||
| 003 | SK-STU | ||
| 005 | 20200718210234.2 | ||
| 007 | ta | ||
| 008 | 150427s2015----xo-----f-mn---000-0-slo-d | ||
| 040 | |a STU |b slo | ||
| 041 | 0 | |a slo | |
| 100 | 1 | |a Škodáček, Peter |u 066000 |4 aut |U MTF Materiálovotechnologická fakulta |T MTF Ústav aplikovanej informatiky, automatizácie a mechatroniky |X 88400 |U M6000 |Y 86 |7 88400 | |
| 242 | 0 | 1 | |a Creation of a learning aid to support the teaching of the subject Logic Programming Automats |y eng |
| 245 | 1 | 0 | |a Tvorba edukačnej pomôcky pre podporu výučby predmetu Programovateľné logické automaty |
| 260 | |c 2020 | ||
| 650 | 4 | |a TIA Portal |2 slo | |
| 650 | 4 | |a HMI |2 slo | |
| 650 | 4 | |a PLC |2 slo | |
| 650 | 4 | |a vizualizácia |2 slo | |
| 650 | 4 | |a automatizácia |2 slo | |
| 650 | 4 | |a visualization |2 eng | |
| 650 | 4 | |a PLC |2 eng | |
| 650 | 4 | |a HMI |2 eng | |
| 650 | 4 | |a automatization |2 eng | |
| 650 | 4 | |a TIA Portal |2 eng | |
| 700 | 1 | |a Németh, Martin |u 066000 |k Z1 |4 ths |U MTF Materiálovotechnologická fakulta |T MTF Ústav aplikovanej informatiky, automatizácie a mechatroniky |X 57258 |U M6000 |Y 86 |7 A000057258 | |
| 856 | 4 | |u http://is.stuba.sk/zp/portal_zp.pl?podrobnosti=153152 | |
| 996 | |c M* BP-8975 |l MMSKP |s P |a 0 |w stuzp71991_0001 | ||